Dudosa democratización del sistema financiero
Сохранить в:
| Формат: | Текст |
|---|---|
| Предметы: | |
| Метки: |
Добавить метку
Нет меток, Требуется 1-ая метка записи!
|
MARC
| LEADER | 00000 a a2200000 04500 | ||
|---|---|---|---|
| 001 | 5812 | ||
| 003 | |||
| 040 | |||
| 245 | |a Dudosa democratización del sistema financiero | ||
| 650 | |a FINANCIAMIENTO | ||
| 650 | |a PRIVATIZACION | ||
| 650 | |a CREDITO | ||
| 650 | |a BANCOS | ||
| 650 | |a POLITICA ECONOMICA | ||
| 773 | |g volumen 14, número 591; páginas 4-6 | ||
| 999 | |c 21828 |d 21828 | ||
